000 00286nam a2200109Ia 4500
008 180205s9999 xx 000 0 und d
100 _aSantamaria, Josefina O.
245 _aLife career planning work book /
250 _a3rd ed
260 _aMakati City
_c2000
300 _aii, 200 pages
999 _c354737
_d354737